000 00501nam a2200193 a 4500
001 BRCA_6710
005 20190320205549.0
008 181011s1921----gw-#######---#000-0#ger-#
041 _ager
044 _agw
050 4 _aPT2610
_b.N54
_c1921
245 1 0 _aNiederbruch und Aufstien
_bwege zu Deutschlands Rettung
_cvon Staatsmanne
260 _aLeipzig
_bQuelle et Mener
_c1921
300 _a280 p.
_c21 cm.
500 _aI91
650 1 4 _aLiteratura Alemana
_96160
902 _aGFM
942 _2lcc
_cB
999 _c6393
_d6393